000 00838nam a2200253Ia 4500
003 OSt
005 20220926012156.0
006 a|||||r|||| 00| 0
007 ta
008 220923b |||||||| |||| 00| 0 eng d
020 _a157184108
_c1281.81
037 _b1139, 26/10/2006, SELECTBOOK SERVICE SYNDICATE
_cGeneral Book
040 _aRTL
_cRTL
_beng
041 _2eng
_aeng
082 _aY11:45153.8.N9, P4
100 _aMoses A Dirk Ed.
_9315705
245 0 _aGenocide and settler society
_b Frontier violence an
260 _aNew York
_bBerghahn Books
_c2004
300 _axiv, 325p
_ccm.
490 _aStudies in War and Genocide, 6
650 _aSociology
942 _hY11:45153.8.N9, P4
_cGB
_2CC
999 _c621970
_d621970